| 000 | 00960nam a22002417a 4500 | ||
|---|---|---|---|
| 999 |
_c8219 _d8219 |
||
| 003 | AR-CdUCM | ||
| 008 | 190322b ||||| |||| 00| 0 spa d | ||
| 040 |
_aMUNICIPALIDAD PROVINCIAL DEL CUSCO _cBIBLIOTECA MUNICIPAL DEL CUSCO |
||
| 041 | _heng | ||
| 082 |
_a633.2 / _bH88 |
||
| 100 |
_aHughes, H. D. _923149 |
||
| 245 |
_aForrajes : _bla ciencia de la agricultura basada en la producción de pastos / |
||
| 260 |
_aMéxico D. F : _bContinental, _c1976. |
||
| 300 |
_a758 páginas ; _bIlustraciones, _c25 cm. |
||
| 500 | _aTitulo original: Forages: The science of grassland agriculture. | ||
| 505 | _aLos forrajes y una agricultura productiva -- Gramíneas y leguminosas forrajeras -- Practica en la producción de forrajes -- Utilización de los forrajes ... | ||
| 650 |
_aPlantas forrajeras _921173 |
||
| 650 |
_aAgricultura _9320 |
||
| 700 |
_aHeath, Maurice E. _923150 |
||
| 700 |
_aMetcalfe, Darrel S. _923151 |
||
| 942 |
_2ddc _cLIBROS |
||
| 945 | _apjha | ||